00320cam a22001217a 4500008004000000082001300040100002100053245005400074250001700128260002400145300001000169650001900179180718b1913 xxu||||| |||| 00| 0 eng d aAB2 R547 aRobertson, J. M. aShort history of Christianitycby J. M. Robertson a2nd rev. ed. aLondonbWattsc1913 a352p. aChurch history